000 00274nam a2200097Ia 4500
005 20250424112916.0
008 250424s9999 xx 000 0 und d
300 _av. ; 24 cm.
650 _aEnglish language--Nigeria--Periodicals. Nigeria--Languages--Periodicals.
942 _cSR
999 _c37815
_d37815